In search of a people-centric order in Asia

This book provides a systematic descriptive, explanatory and normative analysis of the clash of normative orders in Asia. It argues that the traditional state-centric order is being challenged by a people-centric order grounded in ideas of global justice and citizenship, and explores Asia's res...

ver descrição completa

Na minha lista:
Detalhes bibliográficos
Autor principal: He, Baogang
Formato: Livro
Idioma:Vietnamese
Publicado em: Singapore World Scientific Publishing Company 2016
Assuntos:
Tags: Adicionar Tag
Sem tags, seja o primeiro a adicionar uma tag!
Thư viện lưu trữ: Thư viện Trường Đại học Nam Cần Thơ
LEADER 01017nam a22001937a 4500
001 NCT_4_028770
008 251103b xxu||||| |||| 00| 0 vie d
999 |c 9440  |d 9440 
020 |a 9789813109766  |c $140.00 
082 0 4 |2 23rd ed.  |a 327.5  |b H432 
100 1 |a He, Baogang 
245 1 0 |a In search of a people-centric order in Asia  |c Baogang He 
260 |a Singapore   |b World Scientific Publishing Company  |c 2016 
300 |a 388 p.  |c 24 cm 
520 3 |a This book provides a systematic descriptive, explanatory and normative analysis of the clash of normative orders in Asia. It argues that the traditional state-centric order is being challenged by a people-centric order grounded in ideas of global justice and citizenship, and explores Asia's responses to this shift. 
653 |a Tham khảo 
942 |2 ddc  |c BK 
952 |0 0  |1 0  |2 ddc  |4 0  |6 327_500000000000000_H432  |7 0  |9 31576  |a 000001  |b 000001  |d 2025-11-03  |o 327.5 H432  |p TK.05753  |r 2025-11-03  |v 0.00  |w 2025-11-03  |y BK 
980 |a Thư viện Trường Đại học Nam Cần Thơ